| 000 | 00484nam a22001697a 4500 | ||
|---|---|---|---|
| 008 | 150930b xxu||||| |||| 00| 0 eng d | ||
| 020 | _a0619034173 | ||
| 041 | 0 | _aeng | |
| 080 | _a658:004 | ||
| 100 | 1 | _aFrenzel, Carroll W. | |
| 245 | 1 | 0 |
_aManagement of information technology / _cCarroll W. Frenzel. |
| 260 |
_aBoston: _bThomson learning, Inc _c2004. |
||
| 300 |
_axxiv, 614 f. : _bme il.; _c24 cm. |
||
| 650 | 0 | _aMenaxhim | |
| 650 | 0 | _aTeknologjia e informacionit | |
| 942 |
_2udc _cBK |
||
| 999 |
_c1196 _d1196 |
||